[Event "AUT-ch Vor1 Internet"]
[Site "Playchess.com INT"]
[Date "2020.04.11"]
[Round "3"]
[White "Nolz, Tom"]
[Black "Schnider, Gert"]
[Result "0-1"]
[WhiteElo "2157"]
[BlackElo "2423"]
[PlyCount "124"]
[EventDate "2020.04.11"]
[EventType "swiss (blitz)"]
[EventRounds "9"]
[EventCountry "AUT"]
[SourceTitle "CBM 195 Extra"]
[Source "ChessBase"]
[SourceDate "2020.05.31"]
[SourceVersion "1"]
[SourceVersionDate "2020.05.31"]
[SourceQuality "1"]

1. e4 e5 2. Nf3 Nc6 3. Bb5 a6 4. Ba4 Nf6 5. d3 b5 6. Bb3 Be7 7. a3 0-0 8. 0-0 d6 9. h3 Be6 10. c3 Bxb3 11. Qxb3 Qd7 12. Nbd2 h6 13. Re1 Rfe8 14. Nf1 Bf8 15. Ng3 d5 16. exd5 Qxd5 17. Qxd5 Nxd5 18. c4 Nb6 19. Be3 bxc4 20. Bxb6 cxb6 21. dxc4 f6 22. Rad1 Rad8 23. Nf5 Na5 24. Ne3 Bc5 25. b4 Bxe3 26. bxa5 Bc5 27. axb6 Bxb6 28. a4 Kf7 29. Rb1 Rb8 30. Kf1 Rec8 31. Red1 Ke6 32. Rdc1 Bc5 33. Nd2 Rb4 34. Rxb4 Bxb4 35. Nb3 h5 36. Ke2 f5 37. Kf3 g5 38. g4 fxg4+ 39. hxg4 Rf8+ 40. Kg3 h4+ 41. Kg2 Rf4 42. f3 e4 43. Nd4+ Kf6 44. fxe4 Rxe4 45. Rf1+ Kg6 46. Nf3 Rxg4+ 47. Kh2 Bd6+ 48. Kh1 Rxc4 49. Rd1 Bf4 50. a5 Rc1 51. Rxc1 Bxc1 52. Ne5+ Kf5 53. Nd3 Bd2 54. Nc5 Bxa5 55. Nxa6 Kg4 56. Nc5 Kf3 57. Nb3 Bc3 58. Nc5 g4 59. Nd3 g3 60. Nc5 g2+ 61. Kh2 Be5+ 62. Kh3 g1Q 0-1

[Event "Graz op-A"]
[Site "Graz"]
[Date "2020.02.14"]
[Round "1"]
[White "David, Alexandru Vasile"]
[Black "Nolz, Tom"]
[Result "1-0"]
[WhiteElo "2436"]
[BlackElo "2153"]
[PlyCount "87"]
[EventDate "2020.02.14"]
[EventType "swiss"]
[EventRounds "9"]
[EventCountry "AUT"]
[SourceTitle "CBM 195 Extra"]
[Source "ChessBase"]
[SourceDate "2020.05.31"]
[SourceVersion "1"]
[SourceVersionDate "2020.05.31"]
[SourceQuality "1"]

1. d4 Nf6 2. c4 c6 3. Nc3 d5 4. Nf3 dxc4 5. a4 Bf5 6. e3 e6 7. Bxc4 h6 8. 0-0 Bd6 9. Qe2 Ne4 10. Bd3 Nxc3 11. bxc3 Bxd3 12. Qxd3 Nd7 13. Rb1 Rb8 14. e4 0-0 15. Rd1 Qa5 16. Be3 Rfd8 17. Nd2 Bc7 18. Qc2 Nf6 19. e5 Nd5 20. Ne4 Nxe3 21. fxe3 b5 22. axb5 Rxb5 23. Ra1 Qb6 24. Qe2 Rb2 25. Qf3 Bb8 26. Rf1 Qc7 27. Ra6 Rb6 28. Ra2 f5 29. Nc5 Qe7 30. Qg3 Kh7 31. h4 g6 32. e4 Rg8 33. Qd3 Bxe5 34. exf5 gxf5 35. Re2 Bg7 36. Nxe6 Kh8 37. Qxf5 Rb5 38. Qf2 Qd6 39. Qf3 Rbb8 40. h5 Qd5 41. Qd3 Be5 42. Qf5 Bg7 43. Nxg7 Rxg7 44. Qf4 1-0

[Event "AUT-chT2O 1112"]
[Site "Austria"]
[Date "2012.01.14"]
[Round "5.6"]
[White "Nolz, Tom"]
[Black "Plank, Franz"]
[Result "1-0"]
[WhiteElo "2188"]
[BlackElo "2273"]
[PlyCount "75"]
[EventDate "2011.10.15"]
[EventType "team-tourn"]
[EventRounds "11"]
[EventCountry "AUT"]
[SourceTitle "EXT 2013"]
[Source "ChessBase"]
[SourceDate "2012.11.22"]
[SourceVersion "1"]
[SourceVersionDate "2012.11.22"]
[SourceQuality "1"]
[WhiteTeam "Waehring"]
[BlackTeam "Wien Ottakring"]
[WhiteTeamCountry "AUT"]
[BlackTeamCountry "AUT"]

1. Nf3 d5 2. c4 e6 3. d4 c6 4. e3 Nf6 5. Nbd2 Nbd7 6. Bd3 Be7 7. 0-0 0-0 8. b3 b6 9. Bb2 Bb7 10. Qe2 Rc8 11. Rfd1 Qc7 12. Rac1 Qb8 13. e4 dxe4 14. Nxe4 c5 15. d5 exd5 16. cxd5 Rfe8 17. Qc2 Nxe4 18. Bxe4 g6 19. Bf5 Rcd8 20. d6 Bf6 21. Bxd7 Bxb2 22. Qxb2 Bxf3 23. Bxe8 Bxd1 24. Rxd1 Rxe8 25. d7 Rd8 26. Qf6 Qc7 27. Qe7 b5 28. h4 h5 29. g4 hxg4 30. h5 gxh5 31. Rd5 f6 32. Rd6 c4 33. Qe6+ Kh7 34. Qf7+ Kh8 35. Qxf6+ Kg8 36. Qg5+ Kf7 37. Rf6+ Ke7 38. Qg7# 1-0

[Event "AUT-chT2O 1112"]
[Site "Austria"]
[Date "2011.11.05"]
[Round "3.6"]
[White "Nolz, Tom"]
[Black "Mayr, Thomas"]
[Result "1-0"]
[WhiteElo "2188"]
[BlackElo "2094"]
[PlyCount "57"]
[EventDate "2011.10.15"]
[EventType "team-tourn"]
[EventRounds "11"]
[EventCountry "AUT"]
[SourceTitle "EXT 2013"]
[Source "ChessBase"]
[SourceDate "2012.11.22"]
[SourceVersion "1"]
[SourceVersionDate "2012.11.22"]
[SourceQuality "1"]
[WhiteTeam "Waehring"]
[BlackTeam "Eichgraben"]
[WhiteTeamCountry "AUT"]
[BlackTeamCountry "AUT"]

1. Nf3 Nf6 2. c4 c5 3. e3 e6 4. d4 b6 5. Nc3 cxd4 6. exd4 Bb4 7. a3 Bxc3+ 8. bxc3 0-0 9. Bd3 d6 10. 0-0 Qc7 11. Bg5 Nbd7 12. Re1 Bb7 13. Nd2 d5 14. cxd5 Qxc3 15. Ne4 Nxe4 16. Rxe4 Bxd5 17. Rh4 g6 18. Rc1 Qxa3 19. Rc7 Rfd8 20. Rxd7 f6 21. Rxd8+ Rxd8 22. Bxf6 Rc8 23. Bg5 Rc3 24. Bf1 Qb3 25. Qe1 Rc7 26. Qe5 Qc2 27. Rf4 Qc6 28. h4 Rf7 29. Qb8+ 1-0

[Event "AUT-chT2O 1011"]
[Site "Austria"]
[Date "2011.01.29"]
[Round "8.6"]
[White "Savio, Alfred"]
[Black "Nolz, Tom"]
[Result "1/2-1/2"]
[WhiteElo "2063"]
[BlackElo "2165"]
[PlyCount "84"]
[EventDate "2010.10.02"]
[EventType "team-tourn"]
[EventRounds "11"]
[EventCountry "AUT"]
[SourceTitle "EXT 2012"]
[Source "ChessBase"]
[SourceDate "2011.11.24"]
[SourceVersion "1"]
[SourceVersionDate "2011.11.24"]
[SourceQuality "1"]
[WhiteTeam "Mattersburg"]
[BlackTeam "Waehring"]
[WhiteTeamCountry "AUT"]
[BlackTeamCountry "AUT"]

1. d4 e6 2. Nf3 Nf6 3. Bg5 d5 4. e3 Be7 5. Bd3 0-0 6. 0-0 Nbd7 7. Nbd2 b6 8. c3 h6 9. Bxf6 Bxf6 10. e4 dxe4 11. Bxe4 Rb8 12. Qa4 a6 13. Bc6 b5 14. Qc2 Rb6 15. Bxd7 Bxd7 16. Ne4 Bc6 17. Rad1 Ba8 18. Rfe1 Be7 19. Ne5 Bxe4 20. Qxe4 Bf6 21. Nd3 Rd6 22. Nc5 Qa8 23. Qxa8 Rxa8 24. Ne4 Rd5 25. Nxf6+ gxf6 26. Rd3 Kf8 27. Rde3 Ke7 28. f4 Kd6 29. Kf2 a5 30. Rh3 h5 31. Rd3 a4 32. Rc1 Rf5 33. Kf3 Kd5 34. b3 axb3 35. axb3 Kd6 36. c4 Ra3 37. Rcd1 c6 38. g4 hxg4+ 39. Kxg4 Ra2 40. R3d2 Ra3 41. Rd3 Ra2 42. R3d2 Ra3 1/2-1/2